[Event "AUTO-INT-1088"]
[Site "http://www.queenalice.com/game.php?id=486324"]
[Date "2008.11.1"]
[Round "1"]
[White "chvalentino"]
[Black "PedroBritto"]
[Result "0-1"]
[WhiteElo "1418"]
[BlackElo "1408"]

1. d4 d5 2. e3 Nf6 3. Na3 Nc6 4. Bb5 Bg4 5. Nf3 a6 6. h3 Bh5 7. Bxc6+ bxc6 8. g4
Bg6 9. Bd2 e6 10. Ne5 Be4 11. Rh2 c5 12. Qe2 cxd4 13. exd4 Qb8 14. O-O-O Qb6 15.
Be3 Rb8 16. f3 Qxb2+ 17. Kd2 Bb4# 0-1

[Event "AUTO-INT-1088"]
[Site "http://www.queenalice.com/game.php?id=486325"]
[Date "2008.11.1"]
[Round "1"]
[White "PedroBritto"]
[Black "chvalentino"]
[Result "1-0"]
[WhiteElo "1396"]
[BlackElo "1404"]

1. e4 d6 2. d4 Nf6 3. Nc3 Bg4 4. f3 Bh5 5. e5 dxe5 6. dxe5 Qxd1+ 7. Kxd1 Ng8 8.
Nd5 Nd7 9. Nxc7+ Kd8 10. Nxa8 Nxe5 11. Bf4 f6 12. Be3 g5 13. Bxa7 Bg7 14. Ne2
Nc4 15. Nb6 Ne3+ 16. Ke1 Nxc2+ 17. Kd2 Nxa1 18. Nd4 Bf7 19. Bd3 e5 20. Nf5 Bf8
21. Rc1 Ne7 22. Bb8 Nc6 23. Bb5 Bb4+ 24. Kd1 Ba5 25. Nd5 Nd4 26. Nd6 1-0

[Event "AUTO-INT-1088"]
[Site "http://www.queenalice.com/game.php?id=486326"]
[Date "2008.11.1"]
[Round "1"]
[White "chvalentino"]
[Black "backnine"]
[Result "0-1"]
[WhiteElo "1359"]
[BlackElo "1586"]

1. Nf3 Nf6 2. b4 d6 3. Bb2 e5 4. e3 g6 5. Bb5+ c6 6. Bc4 Bg7 7. c3 Bg4 8. h3 Bf5
9. Qb3 O-O 10. O-O Nbd7 11. d4 Be4 12. Nbd2 Bxf3 13. Nxf3 Ne4 14. Qc2 Nef6 0-1

[Event "AUTO-INT-1088"]
[Site "http://www.queenalice.com/game.php?id=486327"]
[Date "2008.11.1"]
[Round "1"]
[White "backnine"]
[Black "chvalentino"]
[Result "1-0"]
[WhiteElo "1593"]
[BlackElo "1352"]

1. e4 Nc6 2. Nf3 Nf6 3. d3 e5 4. g3 Bb4+ 5. c3 Bc5 6. Bg2 Ng4 7. O-O O-O 8. Nh4
g5 9. Nf5 Qf6 10. Qxg4 Re8 11. Bxg5 Qg6 12. Nh6+ Kg7 13. h4 Qe6 14. Nf5+ Kf8 15.
Bh6+ Qxh6 16. Nxh6 1-0

[Event "Challenge"]
[Site "http://www.queenalice.com/game.php?id=638817"]
[Date "2009.8.19"]
[Round "-"]
[White "Saru"]
[Black "chvalentino"]
[Result "0-1"]
[WhiteElo "1274"]
[BlackElo "1333"]

1. e4 Nc6 2. c3 e6 3. Qf3 Nf6 4. d4 e5 5. Be3 b6 6. a3 Bb7 7. Be2 h5 8. Nd2 Ng4
9. Qh3 Na5 10. Bxg4 hxg4 11. Qxh8 Qf6 12. g3 Qe6 13. Bg5 Nb3 14. Rd1 Nxd2 15.
Rxd2 Qa2 16. Qh4 Qa1+ 17. Ke2 Bxe4 18. Rd1 Qxb2+ 19. Bd2 Bxh1 20. Kd3 exd4 21.
h3 c5 22. Ne2 Qb5+ 23. Kc2 Bf3 24. Re1 Bxe2 25. Rb1 Qa4+ 26. Kc1 Qxa3+ 27. Rb2
Qa1+ 28. Kc2 Rc8 29. Rb1 Qa4+ 30. Rb3 c4 31. hxg4 d3+ 32. Kb2 cxb3 33. f4 Qa2+
34. Kc1 b2# 0-1

[Event "Challenge"]
[Site "http://www.queenalice.com/game.php?id=638818"]
[Date "2009.8.19"]
[Round "-"]
[White "chvalentino"]
[Black "Saru"]
[Result "1-0"]
[WhiteElo "1318"]
[BlackElo "1289"]

1. e4 e5 2. Nf3 Qe7 3. Bc4 Nh6 4. b3 Nc6 5. Bb5 a6 6. Bxc6 Qd6 7. Bd5 c6 8. Bc4
Qf6 9. Nc3 Be7 10. Na4 Bd8 11. Nc5 b5 12. Bxb5 axb5 13. Qe2 d6 14. Nd3 Qg6 15.
a4 O-O 16. Bb2 Be7 17. axb5 Bb7 18. Nb4 Rac8 19. Ra7 Qxg2 20. Rg1 Qh3 21. Rxb7
g6 22. Rxe7 f6 23. b6 Rb8 24. Rg3 Qf5 25. Nxc6 Rbc8 26. Qc4+ Nf7 27. b7 Rcd8 28.
Nxd8 Qh5 29. Qc7 g5 30. Ba3 Nxd8 31. b8=Q g4 32. Qbxd8 h6 33. Rg7+ Kh8 34. Qxf8#
1-0

[Event "Let's Play Chess!"]
[Site "http://www.queenalice.com/game.php?id=657077"]
[Date "2009.9.24"]
[Round "-"]
[White "mar08n"]
[Black "chvalentino"]
[Result "1-0"]
[WhiteElo "1198"]
[BlackElo "1335"]

1. d4 Nc6 2. c3 e5 3. d5 Nce7 4. d6 cxd6 5. Nh3 Nc6 6. Bg5 f6 7. Be3 g5 8. a4 g4
9. Ng1 Bh6 10. Nd2 Qe7 11. Nc4 a5 12. Nb6 Rb8 13. Nd5 Qd8 14. Bb6 Qxb6 15. Nxb6
Nge7 16. Qxd6 1-0

[Event "Let's Play Chess!"]
[Site "http://www.queenalice.com/game.php?id=657079"]
[Date "2009.9.24"]
[Round "-"]
[White "chvalentino"]
[Black "mar08n"]
[Result "0-1"]
[WhiteElo "1343"]
[BlackElo "1242"]

1. e4 d5 2. Bb5+ c6 3. Bd3 e5 4. h3 b5 5. g4 d4 6. Nf3 f6 7. c3 dxc3 8. dxc3 Qa5
9. b4 Qa6 10. Nh4 Qb6 11. Be3 Qd8 12. Nf5 a5 13. c4 Ra7 14. Bxa7 Na6 15. c5 Nxb4
16. Bb6 Nxd3+ 17. Ke2 Qd7 18. Nd6+ Bxd6 19. cxd6 Qxd6 20. Qxd3 Qe7 21. Rc1 Bd7
22. Rd1 g5 23. Rc1 h5 24. Qb3 hxg4 25. hxg4 Bxg4+ 26. f3 Rh2+ 27. Bf2 Nh6 28.
Rxc6 Qb7 29. Qe6+ Kd8 30. Na3 Bxe6 31. Rxe6 Ng8 32. Rd1+ Kc8 33. Re8+ Kc7 34.
Rxg8 Qb6 35. Rg7+ Kc6 36. Rf1 Qd4 37. Rh7 Qb2+ 38. Ke1 Rxh7 0-1

[Event "AUTO-INT-1465"]
[Site "http://www.queenalice.com/game.php?id=660635"]
[Date "2009.9.30"]
[Round "1"]
[White "marcotul"]
[Black "chvalentino"]
[Result "1-0"]
[WhiteElo "1334"]
[BlackElo "1334"]

1. e4 d5 2. Nc3 d4 3. Nd5 e6 4. Nf4 e5 5. Nd5 c6 6. Nb4 Bxb4 7. c3 Bc5 8. Nf3
Bg4 9. Be2 d3 10. Bf1 Nf6 11. h3 Nxe4 12. Qb3 Be6 13. c4 Bxf2+ 14. Kd1 Ng3 15.
Qxb7 Nxh1 16. Qxa8 Bxc4 17. Nxe5 Qg5 18. Qxb8+ Ke7 19. Qc7+ Kf6 20. Qd6+ Kf5 21.
g4+ Ke4 22. Bg2+ Kf4 23. Nxd3# 1-0

[Event "AUTO-INT-1465"]
[Site "http://www.queenalice.com/game.php?id=660636"]
[Date "2009.9.30"]
[Round "1"]
[White "chvalentino"]
[Black "marcotul"]
[Result "0-1"]
[WhiteElo "1348"]
[BlackElo "1193"]

1. e4 e6 2. d4 Nf6 3. Nc3 d5 4. Bb5+ Bd7 5. Bd3 Bc6 6. Nf3 dxe4 7. Nxe4 Bxe4 8.
Nh4 h5 9. O-O Ng4 10. Qe2 Qxh4 11. Bxe4 Qxh2# 0-1

[Event "AUTO-INT-1465"]
[Site "http://www.queenalice.com/game.php?id=660647"]
[Date "2009.9.30"]
[Round "1"]
[White "alfonso"]
[Black "chvalentino"]
[Result "1-0"]
[WhiteElo "1414"]
[BlackElo "1348"]

1. e4 d5 2. Qf3 Nc6 3. d3 Nf6 4. c3 Bg4 5. Qf4 Qd6 6. Qe3 dxe4 7. d4 O-O-O 8. h3
Bf5 9. Na3 h5 10. Nb5 Qe6 11. Qf4 Rh6 12. Qxc7# 1-0

[Event "AUTO-INT-1465"]
[Site "http://www.queenalice.com/game.php?id=660648"]
[Date "2009.9.30"]
[Round "1"]
[White "chvalentino"]
[Black "alfonso"]
[Result "1-0"]
[WhiteElo "1314"]
[BlackElo "1419"]

1. e4 e5 2. d4 Nc6 3. Nf3 Nf6 4. Nc3 Bb4 5. a3 Bd6 6. b4 O-O 7. Bd3 exd4 8. Nb5
Be7 9. Bb2 Ng4 10. Ng1 Bh4 11. Qxg4 Ne5 12. Qf5 d6 13. Nf3 Bxf5 14. exf5 Qe7 15.
O-O-O Bxf2 16. Be4 c6 17. Nbxd4 Be3+ 18. Nd2 Ng4 19. Rde1 Bf4 20. Bf3 Qg5 21.
Rd1 Nf2 22. Kb1 Rfe8 23. Ne4 Qe7 24. Rhe1 Nxd1 25. Rxd1 Qh4 26. g3 Qxh2 27. Bh1
Bh6 28. f6 d5 29. Nd6 Re3 30. N4f5 Re2 31. Ne7+ Kf8 32. Ndf5 Rxc2 33. fxg7+ Bxg7
34. Bxg7+ Ke8 35. b5 Rd2 36. Rc1 Rb2+ 37. Ka1 Qd2 38. Rg1 Ra2+ 39. Kb1 Qb2+ 40.
Bxb2 Rxb2+ 41. Kxb2 a5 42. bxc6 bxc6 43. Nxc6 Kd7 44. Bxd5 Ra6 45. Nfd4 Rb6+ 46.
Kc3 f6 47. Rh1 Kd6 48. Rh5 h6 49. Kc4 Rb2 50. Rxh6 Rf2 51. Nxa5 Ke5 52. Rh5+ Kd6
53. Nb7+ Ke7 54. a4 Ra2 55. a5 Ra4+ 56. Kc5 Ra2 57. Rf5 Ra1 58. Nc6+ Kf8 59.
Rxf6+ Kg7 60. Rd6 Rb1 61. a6 Ra1 62. Nb8 Kf8 63. Rd7 Rc1+ 64. Kd6 Rc3 65. Na5
Rxg3 66. a7 Rg6+ 67. Be6 Ke8 68. a8=Q Rxe6+ 69. Kxe6 Kf8 70. Qa7 Ke8 71. Nbc6
Kf8 72. Qb8# 1-0

[Event "AUTO-INT-1465"]
[Site "http://www.queenalice.com/game.php?id=660655"]
[Date "2009.9.30"]
[Round "1"]
[White "chvalentino"]
[Black "potter7"]
[Result "0-1"]
[WhiteElo "1321"]
[BlackElo "1706"]

1. e4 e5 2. Nf3 Nc6 3. d4 exd4 4. Nxd4 Nf6 5. Nxc6 bxc6 6. Bg5 Be7 7. e5 Ne4 8.
Bxe7 Qxe7 9. Qh5 Qc5 10. f3 Qe3+ 11. Be2 Qf2+ 12. Kd1 Qd4+ 13. Kc1 Qe3+ 14. Kd1
Nf2+ 15. Ke1 Nxh1 16. Nd2 Qf2+ 17. Kd1 O-O 18. a4 d5 19. Ra3 Rb8 20. Bd3 g6 21.
Qh6 Be6 22. Rc3 Rxb2 23. Rxc6 Qg1+ 24. Bf1 Qd4 25. Rxc7 Rb1+ 26. Ke2 Qf2+ 27.
Kd3 Bf5+ 28. Kc3 d4+ 29. Kc4 Qxd2 30. Kd5 Qxh6 0-1

[Event "AUTO-INT-1465"]
[Site "http://www.queenalice.com/game.php?id=660656"]
[Date "2009.9.30"]
[Round "1"]
[White "potter7"]
[Black "chvalentino"]
[Result "1-0"]
[WhiteElo "1727"]
[BlackElo "1323"]

1. e4 d5 2. exd5 Qxd5 3. Nc3 Qd4 4. Nf3 Bg4 5. Nxd4 Bxd1 6. Nxd1 Nc6 7. Bb5
O-O-O 8. Bxc6 Rxd4 9. Bf3 Nf6 10. b3 Rb4 11. Ba3 Rb5 12. Nc3 Re5+ 13. Be2 h5 14.
O-O-O Ne4 15. Rhf1 Nxc3 16. dxc3 c6 17. Bc4 e6 18. Bb2 Bc5 19. b4 Bd6 20. Rxd6
Kc7 21. Rfd1 Re2 22. Rd7+ Kb6 23. Bxe2 Rh6 24. Rxf7 c5 25. Rd6# 1-0

[Event "Let's Play Chess!"]
[Site "http://www.queenalice.com/game.php?id=685092"]
[Date "2009.11.18"]
[Round "-"]
[White "Conde7"]
[Black "chvalentino"]
[Result "1-0"]
[WhiteElo "2561"]
[BlackElo "1345"]

1. e4 d5 2. exd5 Qxd5 3. Nc3 Qe5+ 4. Be2 Nc6 5. Nf3 Qf5 6. O-O e6 7. Nb5 Bd6 8.
d4 h5 9. Bd3 Qg4 10. h3 Qxf3 11. Qxf3 Bd7 12. Bf4 O-O-O 13. Bxd6 cxd6 14. Nxd6+
Kb8 15. Nxf7 Nge7 16. Qg3+ Ka8 17. Nxh8 Rxh8 18. Qxg7 Nd5 19. Qxh8+ Nd8 20.
Qxd8+ Bc8 21. Qxc8# 1-0

[Event "Let's Play Chess!"]
[Site "http://www.queenalice.com/game.php?id=685096"]
[Date "2009.11.18"]
[Round "-"]
[White "chvalentino"]
[Black "Conde7"]
[Result "0-1"]
[WhiteElo "1347"]
[BlackElo "2560"]

1. e4 c5 2. c3 d5 3. e5 Qa5 4. Qe2 Nc6 5. Na3 Bf5 6. Nb5 a6 7. Na3 e6 8. Nf3
O-O-O 9. d3 c4 10. dxc4 Bxa3 11. cxd5 Rxd5 12. bxa3 Qxc3+ 13. Bd2 Qxa1+ 14. Bc1
Qxc1+ 15. Qd1 Qxd1# 0-1

[Event "Challenge"]
[Site "http://www.queenalice.com/game.php?id=687885"]
[Date "2009.11.24"]
[Round "-"]
[White "chvalentino"]
[Black "FENIX_RJ"]
[Result "1-0"]
[WhiteElo "1319"]
[BlackElo "1464"]

1. e4 e5 2. d4 Nc6 3. d5 Nd4 4. c3 Nb5 5. Bxb5 Bc5 6. Qg4 g6 7. Bg5 Nf6 8. Qf3
Be7 9. Bxf6 Bxf6 10. Nd2 O-O 11. Ne2 c6 12. Bc4 b5 13. Bb3 Kg7 14. d6 Qb6 15.
O-O c5 16. Bd5 Bb7 17. Bxb7 Qxb7 18. Qd3 c4 19. Qe3 Qb6 20. Qxb6 axb6 21. Nf3
Rae8 22. Rfd1 g5 23. Rd5 g4 24. Nd2 Bg5 25. Rd1 Bf6 26. Rxb5 Bd8 27. Nxc4 f5 28.
Rdd5 fxe4 29. Nxe5 Bf6 30. Nxd7 Rf7 31. Nxb6 h6 32. d7 Ref8 33. Nf4 Bh4 34. Ne6+
Kg8 35. Nxf8 Rxf8 36. Nc8 Bxf2+ 37. Kf1 Be3+ 38. Ke2 Bf4 39. d8=Q Rxd8 40. Rxd8+
Kg7 41. Rb6 Bg5 42. Rd7+ Kf8 43. Nd6 1-0

[Event "Challenge"]
[Site "http://www.queenalice.com/game.php?id=704148"]
[Date "2009.12.27"]
[Round "-"]
[White "marcelomkp"]
[Black "chvalentino"]
[Result "1-0"]
[WhiteElo "917"]
[BlackElo "1323"]

1. e4 d5 2. exd5 Qxd5 3. Nc3 Qd4 4. Nf3 Qf6 5. Bc4 Qf4 6. d4 Qg4 7. O-O h5 8. h3
Qf5 9. Ng5 e5 10. Bxf7+ Kd7 11. Be6+ Ke7 12. Bxf5 Bxf5 13. Re1 Rh6 14. Nd5+ Kd6
15. Ne3 Be6 16. d5 Bd7 17. Nf7+ Kc5 18. Nxh6 Nxh6 19. c4 1-0